[Event "Match"]
[Site "www.echecsemail.com"]
[Date "2016.03.05"]
[Round "1"]
[White "Shlomo"]
[Black "Tomcapp"]
[WhiteElo "1499"]
[BlackElo "1580"]
[Result "1-0"]
[Round "1"]
1.e4 e5
2.Ng1f3 Nb8c6
3.Bf1c4 Ng8f6
4.Nb1c3 Bf8b4
5.O-O Nc6d4
6.Nf3xe5 d5
7.exd5 Bb4xc3
8.d6 Bc8e6
9.d7 Kf8
10.dxc3 Be6xc4
11.Rf1e1 c6
12.cxd4 b5
13.b3 Bc4d5
14.Bc1g5 b4
15.Qd1d2 a5
16.Bg5xf6 Qd8xf6
17.Re1e3 Qf6g5
18.g3 g6
19.Ne5xc6 Kg7
20.d8Q Ra8xd8
21.Nc6xd8 Rh8xd8
22.Ra1e1 Rd8d6
23.Qd2e2 Rd6e6
24.c4 Re6xe3
25.Qe2xe3 Qg5f5
26.cxd5 Qf5xd5
27.Qe3e5 Qd5xe5
28.Re1xe5 f6
29.Re5e1 h5
30.d5 Kf7
31.d6 a4
32.d7 { resign }
1-0

[Event "Match"]
[Site "www.echecsemail.com"]
[Date "2016.03.05"]
[Round "1"]
[White "Elogic"]
[Black "Calponas"]
[WhiteElo "1860"]
[BlackElo "2090"]
[Result "0-1"]
[Round "1"]
1.f3 e5
2.h4 Bf8e7
3.g3 d5
4.b3 Ng8f6
5.Bc1b2 Qd8d6
6.d4 Nb8d7
7.dxe5 Nd7xe5
8.Qd1d4 Nf6d7
9.f4 Ne5c6
10.Qd4xg7 Be7f6
11.Bb2xf6 Qd6xf6
12.Qg7xf6 Nd7xf6
13.Nb1d2 Bc8f5
14.O-O-O O-O-O
15.Ng1f3 Nf6g4
16.Rd1e1 Ng4e3
17.Kb2 Bf5xc2
18.Nf3g5 Rd8f8
19.Bf1h3 Kb8
20.Nd2f3 h6
21.Ng5e6 fxe6
22.Bh3xe6 Bc2e4
23.Nf3e5 Nc6xe5
24.Rh1h3 Ne5g4
25.h5 Rf8f6
26.Be6d7 Rh8d8
27.Bd7a4 c6
{ resign }
0-1

[Event "Match"]
[Site "www.echecsemail.com"]
[Date "2016.03.05"]
[Round "1"]
[White "Ledzepp"]
[Black "Tevere"]
[WhiteElo "1190"]
[BlackElo "1499"]
[Result "0-1"]
[Round "1"]
1.e4 e5
2.Nb1c3 Ng8f6
3.Bf1c4 Nf6xe4
4.Nc3xe4 d5
5.Bc4b5 c6
6.Bb5a4 dxe4
7.Qd1h5 Qd8f6
8.d3 exd3
9.cxd3 Bf8c5
10.Bc1g5 Qf6xf2
11.Kd1 Qf2xg2
12.Qh5f3 Bc8g4
{ resign }
0-1

[Event "Match"]
[Site "www.echecsemail.com"]
[Date "2016.03.05"]
[Round "1"]
[White "Starwind"]
[Black "Irene"]
[WhiteElo "1809"]
[BlackElo "2100"]
[Result "1-0"]
[Round "1"]
1.Ng1f3 d5
2.d4 g6
3.g3 Bf8g7
4.Bf1g2 c6
5.O-O Ng8f6
6.c4 dxc4
7.Nb1c3 Nf6d5
8.e4 Nd5xc3
9.bxc3 Bc8g4
10.Qd1e2 b5
11.e5 Qd8a5
12.a4 Nb8d7
13.Qe2e4 Bg4xf3
14.Bg2xf3 Ra8c8
15.Bc1a3 Qa5xc3
16.Rf1c1 Qc3a5
17.axb5 cxb5
18.Ba3xe7 Qa5b6
19.Be7d6 Bg7f8
20.Rc1e1 Nd7b8
21.Bf3g4 Rc8d8
22.Qe4f3 Nb8c6
23.Qf3f6 Rh8g8
24.e6 Rd8xd6
25.exf7 
1-0

[Event "1/128 Finale"]
[Site "www.chess-mail.com"]
[Date "2016.03.05"]
[Round "1"]
[White "Towerbridge"]
[Black "Elogic"]
[WhiteElo "1580"]
[BlackElo "1669"]
[Result "1/2-1/2"]
[Round "1"]
1.d4 Ng8f6
2.c4 c5
3.Ng1f3 d5
4.dxc5 Qd8a5
5.Bc1d2 Qa5xc5
6.cxd5 Nf6xd5
7.Nb1c3 Nd5xc3
8.Bd2xc3 Nb8c6
9.e3 f6
10.Bf1e2 e5
11.O-O b6
12.Ra1c1 Qc5e7
13.Be2b5 Bc8b7
14.Qd1d5 Ra8c8
15.Bc3b4 Qe7xb4
16.Bb5xc6 Bb7xc6
17.Rc1xc6 Rc8xc6
18.Qd5xc6 Kf7
19.Qc6d5 Kg6
20.b3 h6
21.h4 h5
22.Rf1c1 Bf8c5
23.Qd5c4 Qb4xc4
24.Rc1xc4 Rh8d8
25.Kf1 Rd8d5
26.Ke2 { draw }
1/2-1/2

[Event "1/128 Finale"]
[Site "www.chess-mail.com"]
[Date "2016.03.05"]
[Round "1"]
[White "Roque1"]
[Black "Hennie4820"]
[WhiteElo "1900"]
[BlackElo "2030"]
[Result "1-0"]
[Round "1"]
1.e4 c5
2.Ng1f3 e6
3.d4 cxd4
4.Nf3xd4 Ng8f6
5.Bf1d3 Qd8b6
6.Nd4b3 Bf8e7
7.O-O Nb8c6
8.Bc1e3 Qb6c7
9.Nb1c3 a6
10.f4 d6
11.Qd1e2 Bc8d7
12.Rf1f3 Nc6b4
13.Ra1f1 Nb4xd3
14.cxd3 O-O
15.d4 b5
16.e5 dxe5
17.fxe5 Nf6d5
18.Nc3xd5 exd5
19.Qe2f2 Bd7e6
20.Rf3g3 Be7h4
21.Rg3xg7 Kxg7
22.Qf2xh4 f5
23.Qh4h6 Kg8
24.Qh6xe6 Kh8
25.Nb3c5 Qc7g7
26.Qe6xd5 Ra8d8
27.Qd5c6 Rf8g8
28.Nc5e6 { resign }
1-0

[Event "1/32 Finale"]
[Site "www.chess-mail.com"]
[Date "2016.03.05"]
[Round "1"]
[White "Mrfunk"]
[Black "Lino"]
[WhiteElo "2260"]
[BlackElo "2180"]
[Result "1-0"]
[Round "1"]
1.e4 c5
2.Ng1f3 Nb8c6
3.Bf1b5 e6
4.O-O Ng8e7
5.Rf1e1 Nc6d4
6.Nf3xd4 cxd4
7.d3  { time }
1-0

[Event "Eq:chibcha-Royal chess : "]
[Site "www.chess-mail.com"]
[Date "2016.03.05"]
[Round "1"]
[White "Carazo"]
[Black "Osmundw"]
[WhiteElo "1830"]
[BlackElo "1390"]
[Result "1-0"]
[Round "1"]
1.e4 b5
2.Bf1xb5 c6
3.Bb5c4 e6
4.Ng1f3 d5
5.exd5 cxd5
6.Bc4b5 Bc8d7
7.Qd1e2 a6
8.Bb5xd7 Nb8xd7
9.d4 f6
10.Qe2xe6 Bf8e7
11.O-O h6
12.Nf3h4 g5
13.Nh4g6 Qd8b6
14.Qe6xd5 Be7c5
15.Rf1e1 Ng8e7
16.Qd5xa8 Kf7
17.Ng6xh8 Kg7
18.c3 Nd7f8
19.dxc5 Qb6xc5
20.Qa8d8 a5
21.Re1xe7 Kg8
22.Nh8g6 Qc5d5
23.Qd8xf8 { resign }
1-0

[Event "Fast Game"]
[Site "www.echecsemail.com"]
[Date "2016.03.05"]
[Round "1"]
[White "Boki84"]
[Black "Maredocla"]
[WhiteElo "1599"]
[BlackElo "1870"]
[Result "1-0"]
[Round "1"]
1.e4 c5
2.Nb1c3 Nb8c6
3.Ng1f3 g6
4.d4 cxd4
5.Nf3xd4 Bf8g7
6.Bc1e3 d6
7.h3 e6
8.Nd4b5 Ke7
9.Qd1d2 h6
10.O-O-O Ng8f6
11.Nb5xd6 Qd8a5
12.Nd6c4 Qa5d8
13.Be3c5 Ke8
14.Nc4d6 { resign }
1-0

[Event "Tourn. n8671"]
[Site "www.chess-mail.com"]
[Date "2016.03.06"]
[Round "1"]
[White "Roserl"]
[Black "Vitoriccardo"]
[WhiteElo "1920"]
[BlackElo "1970"]
[Result "1-0"]
[Round "1"]
1.e4 e6
2.d4 d5
3.Nb1c3 Bf8b4
4.e5 c5
5.a3 Bb4xc3
6.bxc3 c4
7.Qd1g4 Ng8e7
8.Qg4xg7 Ne7g8
9.Qg7xh8 { resign }
1-0

[Event "Tourn. n8609"]
[Site "www.chess-mail.com"]
[Date "2016.03.06"]
[Round "1"]
[White "Francesco"]
[Black "Piekki"]
[WhiteElo "1990"]
[BlackElo "1900"]
[Result "0-1"]
[Round "1"]
1.e4 e5
2.Ng1f3 Ng8f6
3.Nf3xe5 d6
4.Ne5f3 Nf6xe4
5.d4 d5
6.Bf1d3 Nb8c6
7.O-O Bf8e7
8.Rf1e1 Bc8f5
9.c3 Qd8d7
10.Bc1f4 g5
11.Bf4e5 f6
12.Be5g3 h5
13.h4 O-O-O
14.Bg3h2 Rd8g8
15.c4 g4
16.Nf3d2 Nc6xd4
17.cxd5 Ne4xf2
18.Kxf2 Bf5xd3
19.Bh2g3 Be7c5
20.Nd2e4 Qd7f5
21.Kg1 Nd4f3
22.Kh1 Nf3xe1
23.Qd1xe1 Qf5xe4
24.Qe1a5 Bc5b6
25.Qa5c3 Qe4xd5
26.Nb1d2 Rg8e8
27.Ra1c1 Re8e2
28.Rc1g1 Re2xd2
29.Qc3xd2 Bb6xg1
30.Qd2c3 Bg1c5
{ resign }
0-1

[Event "Tourn. n8613"]
[Site "www.chess-mail.com"]
[Date "2016.03.06"]
[Round "1"]
[White "Bojan"]
[Black "Osopanda"]
[WhiteElo "2080"]
[BlackElo "2030"]
[Result "1/2-1/2"]
[Round "1"]
1.d4 d5
2.c4 e6
3.e3 c6
4.Ng1f3 Ng8f6
5.Nb1c3 Nb8d7
6.Nf3e5 Bf8d6
7.f4 O-O
8.c5 Bd6xe5
9.fxe5 Nf6e4
10.Qd1c2 f6
11.Nc3xe4 dxe4
12.Qc2xe4 fxe5
13.Bf1c4 exd4
14.Bc4xe6 Kh8
15.Qe4xd4 Qd8a5
16.b4 Qa5d8
17.Bc1b2 Nd7f6
18.Qd4xd8 Rf8xd8
19.Bb2xf6 gxf6
20.Be6c4 b5
21.Bc4f7 Bc8f5
22.Bf7h5 a5
23.bxa5 Ra8xa5
24.Bh5f3 Ra5a6
25.O-O Bf5d3
26.Rf1d1 f5
27.Bf3e2 Ra6a3
28.Kf2 Rd8d5
29.Be2f3 Rd5xc5
30.Rd1d2 Bd3e4
31.Ke2 Be4d5
32.Rd2b2 Kg7
33.Bf3xd5 cxd5
34.Rb2b3 Rc5c2
35.Kf3 Ra3xa2
36.Ra1xa2 Rc2xa2
37.Rb3xb5 Ra2d2
38.Rb5b6 d4
39.Rb6d6 dxe3
40.Rd6e6 f4
41.Kxf4 { draw }
1/2-1/2

[Event "Tourn. n8588"]
[Site "www.chess-mail.com"]
[Date "2016.03.06"]
[Round "1"]
[White "Leeds"]
[Black "Vitoriccardo"]
[WhiteElo "1810"]
[BlackElo "1920"]
[Result "0-1"]
[Round "1"]
1.d4 Ng8f6
2.c4 c5
3.Ng1f3 cxd4
4.Nf3xd4 e5
5.Nd4b5 d5
6.cxd5 Bf8b4
7.Bc1d2 Nf6xd5
8.Bd2xb4 Nd5xb4
9.Nb5d6 Ke7
10.Nd6xc8 Qd8xc8
11.Nb1c3 Rh8d8
12.Qd1b3 Nb8c6
13.e3 Qc8f5
14.Ra1c1 Nb4d3
15.Bf1xd3 Qf5xd3
16.Rc1d1 Qd3a6
17.Nc3d5 Kf8
18.a3 Qa6a5
19.Ke2 Rd8d7
20.Nd5c3 Qa5a6
21.Qb3b5 Qa6xb5
22.Nc3xb5 Ke7
23.Rd1xd7 Kxd7
24.Rh1d1 Ke7
25.Nb5c3 Ra8c8
26.Nc3d5 Ke6
27.Nd5c3 a6
28.g3 Nc6a5
29.Nc3e4 Na5c4
30.Rd1c1 Kd7
31.Rc1d1 Ke7
32.Rd1b1 Rc8d8
33.g4 h6
34.h3 b6
35.a4 g6
36.b3 Nc4d6
37.Ne4xd6 Rd8xd6
38.Rb1d1 Rd6xd1
39.Kxd1 e4
40.Kc2 Kd6
41.Kc3 Kd5
42.b4 b5
43.axb5 axb5
44.Kd2 Kc4
{ resign }
0-1

[Event "Tourn. n8645"]
[Site "www.chess-mail.com"]
[Date "2016.03.06"]
[Round "1"]
[White "Hundegana"]
[Black "Odin"]
[WhiteElo "1900"]
[BlackElo "1900"]
[Result "0-1"]
[Round "1"]
1.e4 c5
2.Bf1c4 e6
3.a3 d5
4.exd5 exd5
5.Bc4a2 Ng8f6
6.Ng1f3 Nb8c6
7.O-O Bf8e7
8.Rf1e1 O-O
9.c3 Bc8g4
10.h3 Bg4h5
11.g4 Nf6xg4
12.hxg4 Bh5xg4
13.Kg2 Be7h4
14.d4 Qd8f6
15.Nb1d2 cxd4
16.Ba2xd5 dxc3
17.bxc3 Ra8d8
18.Bd5xc6 Qf6xc6
19.Qd1c2 Rd8xd2
20.Qc2xd2 Qc6xf3
21.Kg1 Bg4h3
22.Re1e3 Qf3g2
{ resign }
0-1

[Event "Tourn. n8661"]
[Site "www.chess-mail.com"]
[Date "2016.03.06"]
[Round "1"]
[White "Faerieking"]
[Black "Bojan"]
[WhiteElo "2130"]
[BlackElo "2050"]
[Result "1-0"]
[Round "1"]
1.d4 g6
2.c4 Bf8g7
3.Ng1f3 h6
4.Nb1c3 e6
5.e4 d6
6.Bf1e2 b6
7.Bc1e3 Bc8b7
8.Qd1c2 Ng8e7
9.O-O-O Ne7c6
10.h4 Nb8d7
11.g4 Qd8e7
12.d5 Nc6e5
13.Nf3d4 c5
14.Nd4b5 Nd7f6
15.dxe6 Nf6xg4
16.Be2xg4 Ne5xg4
17.Nb5xd6 Kf8
18.Nd6xb7 Ng4xe3
19.fxe3 Qe7xb7
20.Rd1d7 Qb7c6
21.Rd7xf7 Kg8
22.Nc3d5 Qc6xe6
23.Rh1f1 Ra8e8
24.Nd5c7 Qe6e5
25.Nc7xe8 Qe5xe8
26.Rf7xa7 Kh7
27.Rf1f7 Rh8g8
28.Ra7e7 Qe8c6
29.Qc2c3 { resign }
1-0

[Event "Tourn. n8508"]
[Site "www.chess-mail.com"]
[Date "2016.03.06"]
[Round "1"]
[White "Cheminet"]
[Black "Kevinking"]
[WhiteElo "1770"]
[BlackElo "1819"]
[Result "1-0"]
[Round "1"]
1.d4 Ng8f6
2.Bc1g5 e6
3.Bg5xf6 Qd8xf6
4.c3 b6
5.e4 Bc8b7
6.Bf1d3 c5
7.Ng1f3 d6
8.Bd3b5 Bb7c6
9.Qd1a4 Bc6xb5
10.Qa4xb5 Nb8d7
11.Nb1d2 Qf6d8
12.O-O Bf8e7
13.dxc5 bxc5
14.Nd2c4 O-O
15.Qb5a4 Qd8c7
16.Rf1d1 Rf8d8
17.Ra1c1 Nd7b6
18.Qa4a6 Nb6xc4
19.Qa6xc4 a5
20.b4 Rd8c8
21.b5 a4
22.a3 Rc8d8
23.Rc1b1 Qc7b6
24.Qc4e2 Be7f6
25.c4 g6
26.Qe2e3 Kg7
27.Nf3g5 h6
28.Ng5f3 Kh7
29.Qe3f4 Kg7
30.Rd1d3 Rd8d7
31.Nf3d2 Bf6d4
32.Qf4f3 Ra8b8
33.Qf3d1 Rd7a7
34.Kh1 Qb6d8
35.f4 Rb8b6
36.Nd2f3 Bd4f6
37.Nf3e5 Qd8c7
38.Ne5c6 Rb6xc6
39.bxc6 Bf6d4
40.Rd3xd4 cxd4
41.Qd1xd4 Kg8
42.g4 Ra7a6
43.Rb1b7 Qc7xc6
44.Rb7b8 { resign }
1-0

[Event "Tourn. n8625"]
[Site "www.chess-mail.com"]
[Date "2016.03.06"]
[Round "1"]
[White "Tonino1"]
[Black "Naujzaid"]
[WhiteElo "2080"]
[BlackElo "2100"]
[Result "1-0"]
[Round "1"]
1.d4 d5
2.Ng1f3 Ng8f6
3.e3 e6
4.Bf1d3 Bf8e7
5.b3 O-O
6.Bc1b2 b6
7.Nb1d2 Bc8b7
8.Nf3e5 Nb8d7
9.f4 Nf6e4
10.O-O Ne4xd2
11.Qd1xd2 f6
12.Ne5xd7 Qd8xd7
13.Rf1f3 f5
14.g3 c5
15.h4 Ra8c8
16.Kf2 c4
{ time. }
1-0

[Event "Tourn. n8629"]
[Site "www.chess-mail.com"]
[Date "2016.03.06"]
[Round "1"]
[White "Olddog55"]
[Black "Ranjachess"]
[WhiteElo "1570"]
[BlackElo "1690"]
[Result "0-1"]
[Round "1"]
1.d4 d5
2.Ng1f3 Nb8c6
3.e3 a6
4.c3 Bc8f5
5.Bf1d3 Qd8d7
6.O-O h6
7.Qd1e2 O-O-O
8.b4 Bf5xd3
9.Qe2xd3 e6
10.Nf3e5 Nc6xe5
11.dxe5 f6
12.Qd3d4 fxe5
13.Qd4a7 Qd7c6
14.Rf1d1 Ng8f6
15.c4 Bf8xb4
16.e4 Bb4c5
17.Qa7a8 Kd7
18.exd5 Ke7
19.Nb1c3 Qc6d6
20.Qa8xb7 Rd8b8
21.Qb7c6 Nf6g4
22.Nc3e4 Qd6xc6
23.dxc6 Bc5d4
24.Rd1d3 Rh8d8
25.Bc1a3 Kf7
26.Ra1f1 Kg8
27.Rd3g3 h5
28.Ba3e7 Rd8e8
29.Be7h4 Re8f8
30.h3 Rf8f4
31.hxg4 Rf4xe4
32.Kh2 Re4xg4
33.Rg3h3 g5
34.f3 Rg4xh4
35.f4 Rh4xh3
36.gxh3 exf4
37.h4 g4
38.Kg2 f3
39.Kh1 Rb8b2
{ resign }
0-1

[Event "Tourn. n8566"]
[Site "www.chess-mail.com"]
[Date "2016.03.06"]
[Round "1"]
[White "Chtoubidou"]
[Black "Osopanda"]
[WhiteElo "1900"]
[BlackElo "1940"]
[Result "1-0"]
[Round "1"]
1.d4 Ng8f6
2.Ng1f3 d6
3.Bc1g5 e6
4.e3 Bf8e7
5.c4 O-O
6.Nb1c3 Nb8d7
7.Bf1e2 c5
8.O-O cxd4
9.exd4 a6
10.Rf1e1 Ra8b8
11.b4 Rf8e8
12.a3 d5
13.c5 Nd7f8
14.Nf3e5 Nf8g6
15.Ne5xg6 hxg6
16.b5 Nf6e4
17.Nc3xe4 dxe4
18.Bg5f4 Rb8a8
19.Be2c4 axb5
20.Bc4xb5 Bc8d7
21.Bb5xd7 Qd8xd7
22.Re1xe4 Be7f6
23.Bf4e5 Bf6xe5
24.Re4xe5 Qd7c6
25.Qd1f3 Re8d8
26.Qf3xc6 bxc6
27.Re5e4 Ra8a4
28.Ra1d1 Rd8d5
29.f3 Kf8
30.Rd1d3 Ke7
31.Kf2 f5
32.Re4e5 Rd5xd4
33.Rd3e3 g5
34.Re5xe6 Kf7
35.Re6xc6 Rd4d2
36.Kf1 Rd2a2
37.Rc6d6 Ra2xa3
38.Re3xa3 Ra4xa3
39.Rd6d5 Ke6
40.Rd5d8 g6
41.c6 Ra3c3
42.Rd8g8 Kf7
43.Rg8c8 g4
44.Rc8c7 Kf6
45.fxg4 f4
46.Rc7c8 g5
47.c7 Kf7
48.Kf2 Kg7
49.h3 Kh7
50.Ke2 Kg7
51.Kd2 Rc3c5
52.Kd3 Rc5c1
53.Kd4 Kf7
54.Ke5 Rc1c5
55.Kd6 Rc5c2
56.Rc8h8 Rc2d2
57.Ke5 Rd2c2
58.c8Q { resign }
1-0

[Event "Tourn. n8656"]
[Site "www.chess-mail.com"]
[Date "2016.03.06"]
[Round "1"]
[White "Aperturaf"]
[Black "Greghghs"]
[WhiteElo "2500"]
[BlackElo "2310"]
[Result "0-1"]
[Round "1"]
1.e4 b6
2.d4 Bc8b7
3.Bf1d3 e6
4.Ng1f3 c5
5.c3 Ng8f6
6.Nb1d2 cxd4
7.cxd4 Bb7a6
8.O-O Ba6xd3
{ resign }
0-1

[Event "Tourn. n8650"]
[Site "www.chess-mail.com"]
[Date "2016.03.06"]
[Round "1"]
[White "Avg"]
[Black "Louis"]
[WhiteElo "2050"]
[BlackElo "1900"]
[Result "0-1"]
[Round "1"]
1.f4 d5
2.Ng1f3 Ng8f6
3.g3 g6
4.Bf1g2 Bf8g7
5.O-O O-O
6.d3 c5
7.c4 dxc4
8.dxc4 Nb8c6
9.Nb1c3 Bc8e6
10.b3 Nf6g4
11.h3 Bg7xc3
12.Qd1xd8 Rf8xd8
{ resign }
0-1

[Event "Tourn. n8647"]
[Site "www.chess-mail.com"]
[Date "2016.03.06"]
[Round "1"]
[White "Passaroa25"]
[Black "Daquata"]
[WhiteElo "1580"]
[BlackElo "1630"]
[Result "0-1"]
[Round "1"]
1.e4 e5
2.Ng1e2 Ng8f6
3.f3 d5
4.Ne2g3 Nb8c6
5.c3 dxe4
6.Ng3xe4 Nf6xe4
7.fxe4 Qd8h4
8.g3 Qh4xe4
9.Qd1e2 Qe4xh1
10.Qe2g2 Qh1xg2
11.Bf1xg2 Bc8d7
12.d3 Bf8c5
13.Bg2e4 O-O-O
14.Nb1d2 Bd7g4
15.Nd2f3 f5
16.b4 fxe4
17.bxc5 exf3
18.Kd2 f2
19.Bc1a3 Bg4h3
20.Ke2 f1Q
{ resign }
0-1

[Event "Match"]
[Site "www.echecsemail.com"]
[Date "2016.03.06"]
[Round "1"]
[White "Duff"]
[Black "Canario"]
[WhiteElo "1740"]
[BlackElo "1810"]
[Result "0-1"]
[Round "1"]
1.e4 e5
2.Ng1f3 Nb8c6
3.Bf1c4 h6
4.d4 exd4
5.Nf3xd4 Nc6e5
6.Bc4b3 Bf8c5
7.Bc1e3 Ng8f6
8.Nb1c3 Bc5b4
9.f3 d6
10.O-O Bb4xc3
11.bxc3 c5
12.Nd4e2 b6
13.Ne2f4 O-O
14.Nf4d5 Bc8b7
15.Nd5xf6 Qd8xf6
16.a4 a5
17.Ra1b1 Ra8b8
18.Qd1e2 Rf8d8
19.Rf1d1 Rb8a8
20.Bb3d5 Bb7a6
21.c4 Ra8b8
22.Rd1f1 Ne5g6
23.f4 Ng6e7
24.Rf1e1 Ne7xd5
25.exd5 Rd8e8
26.Qe2d3 Ba6c8
27.Qd3b3 Bc8f5
28.h3 Qf6g6
29.Rb1c1 Bf5e4
30.Re1e2 Be4f5
31.Kh1 Qg6g3
32.Rc1f1 Bf5e4
33.f5 f6
34.Qb3b2 Be4xg2
35.Re2xg2 Qg3xh3
36.Rg2h2 Qh3xe3
37.Rh2g2 Qe3e5
38.Qb2c1 Kh7
39.Rf1g1 Re8e7
40.Qc1f1 Rb8e8
41.Qf1d3 Qe5e4
42.Rg1f1 Qe4xd3
43.cxd3 Re7e3
44.Rf1d1 Re8e5
45.Rg2f2 g5
46.Kg2 h5
{ resign }
0-1

[Event "Match"]
[Site "www.echecsemail.com"]
[Date "2016.03.06"]
[Round "1"]
[White "Ztornad"]
[Black "Gilliere"]
[WhiteElo "1780"]
[BlackElo "1790"]
[Result "0-1"]
[Round "1"]
1.e4 e5
2.Ng1f3 d6
3.Bf1b5 Bc8d7
4.a4 Bd7xb5
5.axb5 Nb8d7
6.d4 exd4
7.Nf3xd4 Ng8f6
8.Nd4f5 g6
9.Nf5g3 Bf8g7
10.Bc1f4 O-O
11.O-O Nd7b6
12.Nb1d2 Nf6d7
13.Qd1e2 Bg7xb2
14.Ra1b1 Bb2g7
15.Nd2c4 Nb6xc4
16.Qe2xc4 Nd7b6
17.Qc4e2 Nb6a4
18.Qe2c4 Na4b6
19.Qc4a2 Qd8f6
20.Bf4e3 Nb6c8
21.Rb1b4 b6
22.Be3d4 Qf6e6
23.Qa2d5 Qe6xd5
24.exd5 Nc8e7
25.c4 Bg7xd4
26.Ng3e4 a5
27.Rb4a4 Kg7
28.Rf1d1 Bd4e5
29.g3 Ne7f5
30.Ne4g5 h6
31.Ng5e4 Nf5d4
32.f4 Nd4xb5
33.fxe5 Nb5a7
34.exd6 cxd6
35.Ne4xd6 h5
36.h4 f5
37.Rd1e1 Na7c8
38.Nd6e8 Kf7
39.Ne8c7 Ra8a7
40.Nc7e6 Rf8e8
41.Ne6g5 Kf8
42.Re1e6 Re8xe6
43.Ng5xe6 Ke7
44.Ne6d4 Ra7b7
45.Nd4b5 Nc8d6
46.Nb5d4 Nd6e4
47.Kg2 Ne4c5
48.Ra4a2 a4
49.Ra2e2 Nc5e4
50.Nd4c6 Kd6
51.Nc6d4 Kc5
52.Nd4f3 Kxc4
53.Nf3d2 Ne4xd2
54.Re2xd2 Rb7d7
55.d6 Kc5
56.Rd2a2 Rd7xd6
57.Ra2xa4 b5
58.Ra4a1 Rd6d4
59.Ra1a6 Rd4d6
60.Ra6a1 b4
61.Ra1c1 Kb5
62.Kf2 b3
63.Rc1c8 Kb4
64.Rc8b8 Kc3
65.Rb8c8 Kb2
66.Rc8b8 Rd6d2
67.Kf3 Rd2d3
68.Kf4 Kb1
69.Rb8b6 Rd3d4
70.Kg5 Rd4g4
71.Kh6 Rg4xg3
72.Rb6b4 Kb2
73.Rb4b6 Rg3g4
74.Rb6c6 Rg4xh4
75.Kxg6 Kb1
76.Kxf5 b2
77.Kg5 Rh4h2
78.Rc6e6 h4
79.Kg4 Kc1
80.Re6c6 Kd1
81.Rc6b6 Ke1
82.Rb6b4 Rh2c2
83.Kxh4 Kd1
84.Rb4f4 Rc2e2
85.Rf4d4 Re2d2
86.Rd4b4 Kc1
87.Rb4c4 Rd2c2
88.Rc4b4 b1Q
89.Rb4xb1 Kxb1
90.Kg4 Rc2f2
91.Kg3 Rf2f8
92.Kg4 Kc2
93.Kg5 Kd3
94.Kg6 Ke4
95.Kg5 Kf3
96.Kg6 Kf4
97.Kg7 Rf8f5
98.Kg6 Ke5
99.Kg7 Rf5f1
100.Kg6 Rf1f2
101.Kg5 Rf2g2
102.Kh4 Kf5
103.Kh3 Rg2g8
104.Kh4 Rg8g7
105.Kh3 Kf4
106.Kh2 Kf3
 { time }
0-1

[Event "Match"]
[Site "www.echecsemail.com"]
[Date "2016.03.06"]
[Round "1"]
[White "Nimzo"]
[Black "Sebolix"]
[WhiteElo "2830"]
[BlackElo "2720"]
[Result "1-0"]
[Round "1"]
1.d4 Ng8f6
2.c4 c5
3.d5 b5
4.cxb5 a6
5.bxa6 g6
6.Nb1c3 Bc8xa6
7.e4 Ba6xf1
8.Kxf1 d6
9.Ng1f3 Bf8g7
10.g3 O-O
11.Kg2 Nb8d7
12.a4 Ra8a6
13.Qd1c2 Qd8a8
14.Ra1a3 e6
15.dxe6 fxe6
16.Rh1d1  { time }
1-0

[Event "Match"]
[Site "www.echecsemail.com"]
[Date "2016.03.06"]
[Round "1"]
[White "Hansen"]
[Black "Wagner"]
[WhiteElo "1620"]
[BlackElo "1710"]
[Result "0-1"]
[Round "1"]
1.e3 e5
2.Ng1f3 e4
3.Nf3d4 a6
4.a3 g6
5.Bf1c4 d5
6.Bc4b3 c5
7.Nd4e2 b5
8.Ne2f4 c4
9.Bb3a2 Bc8b7
10.d4 Ng8f6
11.g4 Bb7c8
12.Nb1c3 g5
13.Nf4g2 Bc8xg4
14.Qd1d2 Bg4h3
15.Rh1g1 Bf8d6
16.f4 gxf4
17.exf4 Rh8g8
18.Kf1 Nf6g4
19.Nc3xd5 Nb8d7
20.Nd5e3 Ng4xh2
21.Ke2 Nh2f3
22.Qd2d1 Qd8f6
23.Ne3d5 Nf3xd4
24.Kf1 Qf6g7
25.Qd1d2 Nd4f3
26.Qd2f2 Bd6c5
27.Nd5e3 b4
28.Ba2xc4 Qg7d4
29.Bc4d5 Ra8c8
30.c3 Qd4d3
31.Qf2e2 Qd3xe2
32.Kxe2 Nf3xg1
33.Kf2 Rg8xg2
34.Ke1 Rg2e2
35.Kd1 Bc5xe3
36.Bc1xe3 Re2xe3
37.Kd2 Re3e2
38.Kd1 bxc3
39.bxc3 Rc8xc3
40.Bd5a8 Rc3f3
{ resign }
0-1

[Event "Match"]
[Site "www.echecsemail.com"]
[Date "2016.03.06"]
[Round "1"]
[White "Pare123"]
[Black "Whitekknight"]
[WhiteElo "1890"]
[BlackElo "1920"]
[Result "1-0"]
[Round "1"]
1.c4 c6
2.Nb1c3 Ng8f6
3.Ng1f3 d6
4.h3 d5
5.e3 e6
6.Bf1e2 dxc4
7.Be2xc4 Bf8b4
8.Qd1b3 Bb4xc3
9.bxc3 b5
10.Bc4e2 O-O
11.O-O Nf6d5
12.Bc1b2 Nb8d7
13.Nf3d4 Bc8b7
14.a4 a6
15.axb5 axb5
16.c4 Nd5b6
17.cxb5 Nd7c5
18.Qb3b4 Nc5e4
19.bxc6 Ra8xa1
20.Rf1xa1 Bb7a8
21.f3 Ne4g3
22.Kf2 Ng3xe2
23.Kxe2 Nb6d5
24.Qb4c5 Qd8c7
25.Ra1a7 Qc7c8
26.e4 Nd5f4
27.Kf1 Qc8b8
28.Bb2a3 Rf8c8
29.Qc5e7 Qb8b1
30.Kf2 Nf4d3
31.Ke3 Nd3e5
32.Ba3d6 Ne5c4
33.Ke2 Nc4xd6
34.Qe7xd6 Ba8xc6
35.Nd4xc6 Qb1b5
36.Ke3 Qb5b6
37.d4 Kh8
38.Ra7xf7 h6
39.Rf7f8 Rc8xf8
40.Qd6xf8 Kh7
41.Nc6e7 Qb6b3
42.Kf2 Qb3b2
43.Kg3 h5
44.Qf8g8 Kh6
45.Qg8h8 { resign }
1-0

[Event "Match"]
[Site "www.echecsemail.com"]
[Date "2016.03.06"]
[Round "1"]
[White "Canario"]
[Black "Gambitmiau"]
[WhiteElo "1840"]
[BlackElo "1800"]
[Result "1-0"]
[Round "1"]
1.e4 Nb8c6
2.d4 d5
3.e5 Bc8f5
4.a3 e6
5.Ng1f3 Bf5e4
6.Nf3g5 Qd8e7
7.Bf1b5 Qe7d7
8.Ng5xe4 a6
9.Bb5xc6 Qd7xc6
10.Ne4g3 Bf8e7
11.Nb1c3 O-O-O
12.Qd1f3 f6
13.Bc1d2 fxe5
14.dxe5 Qc6c4
15.Qf3f7 Qc4g4
16.h3 Qg4g6
17.Qf7xg6 hxg6
18.O-O-O Rh8h4
19.Ng3e2 d4
20.Nc3b1 Rd8d5
21.g3 Rh4e4
22.Ne2f4 Rd5xe5
23.Nf4xg6 Re5b5
24.Ng6xe7 Ng8xe7
25.Bd2b4 Ne7d5
26.c4 d3
27.Nb1d2 Rb5xb4
28.axb4 Nd5xb4
29.Nd2xe4 Nb4a2
30.Kb1 Na2b4
31.Ne4c5 { resign }
1-0

[Event "Eq:Slap Shot Mates-Los Tercios : "]
[Site "www.chess-mail.com"]
[Date "2016.03.06"]
[Round "1"]
[White "Lui"]
[Black "Mustaphly"]
[WhiteElo "2360"]
[BlackElo "2740"]
[Result "0-1"]
[Round "1"]
1.e4 c5
2.Ng1f3 d6
3.d4 cxd4
4.Nf3xd4 Ng8f6
5.Nb1c3 a6
6.Bc1g5 e6
7.f4 Bf8e7
8.Qd1f3 Qd8c7
9.O-O-O Nb8d7
10.g4 h6
11.Bg5xf6 Be7xf6
12.h4 Qc7b6
13.Nd4b3 Bf6e7
14.Kb1 Nd7c5
15.g5 Bc8d7
16.f5 hxg5
17.hxg5 O-O-O
18.fxe6 Bd7xe6
19.Bf1h3 Be7xg5
20.Nc3d5 Qb6c6
21.Rd1g1 Rh8xh3
22.Rh1xh3 Nc5xe4
23.Qf3xe4 Be6xd5
24.Qe4f5 Bd5e6
25.Qf5xg5 Be6xh3
26.Qg5xg7 Qc6f3
27.Qg7g3 Qf3xg3
28.Rg1xg3 Rd8h8
29.Nb3d4 Bh3e6
30.b3 Kd7
31.Rg3f3 Ke7
32.Rf3e3 Kf6
33.Kb2 Be6d5
34.Re3e2 Rh8h4
35.c3 Bd5e4
36.Re2f2 Ke7
37.Rf2e2 Rh4g4
38.Re2f2 Rg4g2
39.Rf2xg2 Be4xg2
40.Kc2 Kf6
41.Kd3 Ke5
42.Ke3 f5
43.Nd4e2 Bg2e4
44.a3 Be4c2
45.Ne2d4 f4
46.Kf2 Bc2d1
{ resign }
0-1

[Event "Eq:La Taverne-Equipo Juan Diaz : "]
[Site "www.chess-mail.com"]
[Date "2016.03.06"]
[Round "1"]
[White "Naujzaid"]
[Black "Louis"]
[WhiteElo "2060"]
[BlackElo "1880"]
[Result "0-1"]
[Round "1"]
1.d4 Ng8f6
2.c4 g6
3.Nb1c3 Bf8g7
4.e4 d6
5.Ng1f3 O-O
6.Bf1e2 e5
7.dxe5 dxe5
8.Qd1xd8 Rf8xd8
9.Bc1g5 Rd8e8
10.Nc3d5 Nf6xd5
11.cxd5 c6
12.Be2c4 cxd5
13.Bc4xd5 Nb8d7
14.Nf3d2 Nd7c5
15.O-O-O Nc5d3
16.Kb1 Nd3b4
17.Bd5b3 a5
18.a3 a4
19.Bb3c4 { time. }
0-1

[Event "Tourn. n8618"]
[Site "www.chess-mail.com"]
[Date "2016.03.07"]
[Round "1"]
[White "Awfen"]
[Black "Mitja"]
[WhiteElo "2030"]
[BlackElo "1860"]
[Result "0-1"]
[Round "1"]
1.e4 d5
2.exd5 Qd8xd5
3.Nb1c3 Qd5d8
4.d4 e6
5.Ng1f3 c6
6.Bf1d3 h6
7.O-O Ng8f6
8.Nf3e5 Nb8d7
9.Bc1e3 Nf6d5
10.Be3d2 Nd5xc3
11.Bd2xc3 Nd7xe5
12.dxe5 b6
13.Qd1h5 Bf8e7
14.Ra1d1 Qd8c7
15.Bc3d2 Bc8b7
16.Bd2c3 c5
17.Qh5g4 O-O
18.Rf1e1 Ra8d8
19.Bc3d2 Kh8
20.Qg4h5 Qc7c6
21.Bd3e4 Qc6c7
22.Be4d3 Qc7c6
23.f3 c4
24.Bd3e4 Qc6c7
25.h3 Bb7xe4
26.Re1xe4 Rd8d5
27.c3 Be7f6
28.f4 Rf8d8
29.Qh5e2 Bf6e7
30.Kf1 b5
31.g3 Be7c5
32.Ke1 Qc7b6
33.b4 Bc5e7
34.a3 Qb6g1
35.Qe2f1 Qg1xg3
36.Ke2 Qg3d3
37.Kf2 Qd3xe4
38.Qf1e2 Be7h4
39.Kf1 Qe4h1
{ resign }
0-1

[Event "Tourn. n8659"]
[Site "www.chess-mail.com"]
[Date "2016.03.07"]
[Round "1"]
[White "Elogic"]
[Black "Bojan"]
[WhiteElo "1960"]
[BlackElo "2020"]
[Result "0-1"]
[Round "1"]
1.f4 e6
2.Ng1f3 b6
3.g4 Bc8b7
4.Bf1g2 Bf8e7
5.h4 Nb8a6
6.d3 Bb7xf3
7.Bg2xf3 Be7xh4
8.Kf1 c6
9.g5 Bh4g3
10.Rh1h3 Bg3xf4
11.Bc1xf4 Ng8e7
12.Bf4e5 Kf8
13.Bf3e4 Ne7g6
14.Be5d6 Ke8
15.Rh3h5 f5
16.Be4g2 e5
17.e3 Na6c7
18.Qd1f3 Nc7b5
19.Bd6b4 a5
20.Bb4d2 Ra8a7
21.Qf3xf5 Rh8f8
22.Qf5xf8 Kxf8
23.Rh5xh7 Qd8xg5
24.e4 Qg5f6
25.Kg1 Kg8
26.Rh7h2 Ng6f4
27.Bg2f3 Nb5d4
28.Bf3d1 Qf6g5
29.Kf1 d5
30.c3 Nd4e6
31.Bd2e3 Qg5g3
32.Rh2f2 Nf4xd3
33.Rf2f3 Qg3h2
34.Be3xb6 Ra7f7
35.Bb6g1 Rf7xf3
36.Bd1xf3 Qh2xb2
{ resign }
0-1